Music Quiz

Random Music or Missing Word Quiz

Sung Titles: Simon & Garfunkel Quiz Stats

 Plays Quiz Updated Feb 14, 2020

Support Sporcle.
Go Orange.
Score 0/28 Timer 06:00
1 Play Today
% Correct
Mrs. Robinson
91.4%
Scarborough Fair
89%
Cecilia
88.3%
I am a Rock
85%
Bridge over Troubled Water
84%
The Sound of Silence
83.5%
Leaves that are Green
80.4%
Homeward Bound
78.9%
Peggy-O
78.8%
Patterns
76.3%
Old Friends
75.6%
At the Zoo
74.4%
April Come She Will
73.4%
A Hazy Shade of Winter
72.5%
% Correct
Song For the Asking
72.1%
Save the Life of My Child
70.5%
America
69.2%
Cloudy
68.3%
Baby Driver
60.1%
The Sun is Burning
55.5%
The Late Great Johnny Ace
55.3%
A Heart in New York
55.2%
So Long, Frank Lloyd Wright
52.5%
You Don't Know Where Your Interest Lies
52.4%
The Only Living Boy in New York
52.1%
Fakin' It
51.4%
We've Got a Groovy Thing Goin'
41.3%
The Dangling Conversation
40.6%

From the Vault

Native American Tribes

by THEJMAN

History 7m
A wealth of diverse culture and customs are found across these peoples.
Remove Ads.
Support Sporcle.
Get the best of Sporcle when you Go Orange. This ad-free experience offers more features, more stats, and more fun while also helping to support Sporcle. Thank you for becoming a member.

Show Comments

Extras

Top Quizzes Today


Score Distribution

Your Account Isn't Verified!

In order to create a playlist on Sporcle, you need to verify the email address you used during registration. Go to your Sporcle Settings to finish the process.

Report this User

Report this user for behavior that violates our Community Guidelines.

Details: